Guide to employment statistics of BLS; (Record no. 36851)
[ view plain ]
| 000 -LEADER | |
|---|---|
| fixed length control field | 00924cam a22002531 4500 |
| 001 - CONTROL NUMBER | |
| control field | l 54000134 |
| 003 - CONTROL NUMBER IDENTIFIER | |
| control field | DLC |
| 005 - DATE AND TIME OF LATEST TRANSACTION | |
| control field | 20260227111544.0 |
| 008 - FIXED-LENGTH DATA ELEMENTS--GENERAL INFORMATION | |
| fixed length control field | 790907s1954 dcu f000 0 eng |
| 010 ## - LIBRARY OF CONGRESS CONTROL NUMBER | |
| LC control number | l 54000134 |
| 035 ## - SYSTEM CONTROL NUMBER | |
| System control number | (OCoLC)5349548 |
| 040 ## - CATALOGING SOURCE | |
| Original cataloging agency | DLC |
| Transcribing agency | ArU |
| Modifying agency | DLC |
| 050 00 - LIBRARY OF CONGRESS CALL NUMBER | |
| Classification number | HD8064 |
| Item number | .A5 1954 |
| 110 1# - MAIN ENTRY--CORPORATE NAME | |
| Corporate name or jurisdiction name as entry element | United States. |
| Subordinate unit | Bureau of Labor Statistics. |
| 245 10 - TITLE STATEMENT | |
| Title | Guide to employment statistics of BLS; |
| Remainder of title | employment, hours and earnings, labor turnover |
| Statement of responsibility, etc. | [by Frances E. Bailey of the Division of Manpower and Employment Statistics. |
| 260 ## - PUBLICATION, DISTRIBUTION, ETC. | |
| Place of publication, distribution, etc. | Washington, |
| Name of publisher, distributor, etc. | U.S. Govt. Print. Off., |
| Date of publication, distribution, etc. | 1954] |
| 300 ## - PHYSICAL DESCRIPTION | |
| Extent | 77 p. |
| Other physical details | tables. |
| Dimensions | 26 cm. |
| 500 ## - GENERAL NOTE | |
| General note | Cover Title. |
| 650 #0 - SUBJECT ADDED ENTRY--TOPICAL TERM | |
| Topical term or geographic name entry element | Labor and laboring classes |
| Geographic subdivision | United States |
| General subdivision | Statistics. |
| 650 #0 - SUBJECT ADDED ENTRY--TOPICAL TERM | |
| Topical term or geographic name entry element | Industries |
| Form subdivision | Dictionaries. |
| 610 10 - SUBJECT ADDED ENTRY--CORPORATE NAME | |
| Corporate name or jurisdiction name as entry element | United States. |
| Subordinate unit | Bureau of Labor Statistics. |
| 700 1# - ADDED ENTRY--PERSONAL NAME | |
| Personal name | Bailey, Frances E. |
| 740 0# - ADDED ENTRY--UNCONTROLLED RELATED/ANALYTICAL TITLE | |
| Uncontrolled related/analytical title | Employment statistics of BLS. |
No items available.